Normal view
MARC view
Entry Personal Name
001 - CONTROL NUMBER
- control field: 43680
003 - CONTROL NUMBER IDENTIFIER
- control field: OSt
005 - DATE AND TIME OF LATEST TRANSACTION
- control field: 20240228144407.0
008 - FIXED-LENGTH DATA ELEMENTS
- fixed length control field: 240228|| aca||aabn | a|a d
040 ## - CATALOGING SOURCE
- Original cataloging agency: OSt
- Transcribing agency: OSt
100 ## - HEADING--PERSONAL NAME
- Personal name: Mahadevia, Darshini et al
670 ## - SOURCE DATA FOUND
- Source citation: Work cat.: (OSt)523599: Mahadevia, Darshini et al , Climate change, heat waves and thermal comfort: Reflections on housing policy in India
